| 000 | 00433nam a22001697a 4500 | ||
|---|---|---|---|
| 005 | 20251108172605.0 | ||
| 008 | 250721s9999 xx 000 0 eng d | ||
| 082 | 1 | 4 | _a618.92ESS |
| 100 | 1 |
_aHull, David _eProd. |
|
| 245 | 1 | 0 | _aEssential Paediatrics / |
| 264 | 1 |
_aLondon : _bChurchil Livingstone, |
|
| 300 | _a382p. | ||
| 650 | 1 | 7 | _aPaediatrics |
| 700 | 1 |
_aJohnston, Derek I. _ejoint editor |
|
| 942 |
_2ddc _cBK |
||
| 999 |
_c83370 _d83370 |
||